| 000 | 00744njm a22002177a 4500 | ||
|---|---|---|---|
| 005 | 20220720142935.0 | ||
| 008 | 190128b xxu||||| |||| 00| 0 spa d | ||
| 041 | _aspa | ||
| 100 |
_aStorper, Dan _952018 |
||
| 245 | _aYoga | ||
| 260 | _aEstados Unidos | ||
| 260 | _bPutumayo World Music | ||
| 260 | _c2010 | ||
| 300 | _a1 CD-ROM | ||
| 300 | _a71:32 minutos | ||
| 505 | _a1. Ghungate Ke. 2. Om Hari Om / Sharanam Ganesha. 3. Purnamadah. 4. Bolo Ram. 5. Cerulean. 6. Devaki. 7. Bangles. 8. El bosque eterno de los niños. 9. Moods of Kirtan. 10. O Rama. 11. Hanuman Baba. 12. Sira. 13. Offering Chant. 14. Bliss. | ||
| 650 |
_aMÚSICA HINDÚ _952019 |
||
| 650 |
_aYOGA _9259 |
||
| 650 |
_aRELAJACIÓN _92001 |
||
| 942 | _cMU | ||
| 999 |
_c11601 _d11601 |
||